<?xml version="1.0" encoding="UTF-8"?>
<record
    xmlns:xsi="http://www.w3.org/2001/XMLSchema-instance"
    xsi:schemaLocation="http://www.loc.gov/MARC21/slim http://www.loc.gov/standards/marcxml/schema/MARC21slim.xsd"
    xmlns="http://www.loc.gov/MARC21/slim">

  <leader>00837nam a22001817a 4500</leader>
  <controlfield tag="003">IT-RoPau</controlfield>
  <controlfield tag="005">20220918175938.0</controlfield>
  <controlfield tag="008">130124b        xxu||||| |||| 00| 0 eng d</controlfield>
  <datafield tag="040" ind1=" " ind2=" ">
    <subfield code="c">IT-RoPau</subfield>
  </datafield>
  <datafield tag="100" ind1=" " ind2=" ">
    <subfield code="a">Merlo , Tecla</subfield>
    <subfield code="9">231</subfield>
  </datafield>
  <datafield tag="245" ind1=" " ind2=" ">
    <subfield code="a">Pensieri tratti dalle conferenze della Prima Maestra</subfield>
    <subfield code="b">(Riservato alle Professe)</subfield>
  </datafield>
  <datafield tag="250" ind1=" " ind2=" ">
    <subfield code="a">I</subfield>
  </datafield>
  <datafield tag="260" ind1=" " ind2=" ">
    <subfield code="a">Roma</subfield>
    <subfield code="b">Tipografia Figlie di San Paolo</subfield>
    <subfield code="c">1954</subfield>
  </datafield>
  <datafield tag="300" ind1=" " ind2=" ">
    <subfield code="a">299 p.</subfield>
    <subfield code="c">14,5 cm</subfield>
  </datafield>
  <datafield tag="490" ind1=" " ind2=" ">
    <subfield code="a">Edizioni Paoline</subfield>
    <subfield code="v">I</subfield>
  </datafield>
  <datafield tag="520" ind1=" " ind2=" ">
    <subfield code="a">Indice

Costituzioni
Piet&#xE0; - fervore
Divozione alla Madonna
Spirito di fede
Generosit&#xE0;
Povert&#xE0;
Castit&#xE0;
Obbedienza
Carit&#xE0;
Vita Comune
Umilt&#xE0;
Sincerit&#xE0;
Serenit&#xE0;
Spirito di adattamento
Silenzio
Amore ai Superiori e alla Congregazione
Studio e apostolato
Letture
Vocazioni
Cura della salute
Pensieri d'occasione
Avvisi vari
Lettere  </subfield>
  </datafield>
  <datafield tag="942" ind1=" " ind2=" ">
    <subfield code="2">ddc</subfield>
    <subfield code="c">BK</subfield>
  </datafield>
  <datafield tag="999" ind1=" " ind2=" ">
    <subfield code="c">37829</subfield>
    <subfield code="d">37829</subfield>
  </datafield>
  <datafield tag="952" ind1=" " ind2=" ">
    <subfield code="0">0</subfield>
    <subfield code="1">0</subfield>
    <subfield code="2">ddc</subfield>
    <subfield code="4">0</subfield>
    <subfield code="6">P_B4</subfield>
    <subfield code="7">1</subfield>
    <subfield code="a">PAULUS</subfield>
    <subfield code="b">PAULUS</subfield>
    <subfield code="d">2013-01-24</subfield>
    <subfield code="l">0</subfield>
    <subfield code="o">P B4</subfield>
    <subfield code="r">2013-01-24 00:00:00</subfield>
    <subfield code="w">2013-01-24</subfield>
    <subfield code="y">BK</subfield>
  </datafield>
</record>
